00386 2200157 4500001002100000008004100021035002000062245001000082100001700092260002900109300002100138020002200159082001400181650002000195990001300215INLIS000000000000320 ind  a0010-0423000320 aSMASH aMAIA RASYIDA aYOGYAKARTAbSHEILAc2014 a344 hlm.c21 cm. a978-979-29-5043-4 a899.221 3 aFIKSI INDONESIA a102708-1